000
00245nam a2200097Ia 4500
008
240331s9999 xx 000 0 und d
082
_b
RAG
100
_a
Ragupathy, P
245
0
_a
Early settlements in Jaffna :
_b
an archaeological survey
942
_c
L
999
_c
3542
_d
3542